00456 2200181 4500001002100000005001500021008004100036020002200077035001900099041000700118082001100125090001700136100001700153245001500170260003700185300003500222650001700257INLIS00000000000217520241224112505241224||||||||| | ||| |||| || |  a978-979-692-080-8 0010-1224002175 aid0 a621.86 a621.86 AHM a0 aAhmad Kholil00aAlat Berat aBandungbRemaja Rosdakaryac2012 axiv, 142 hlm. : ilus, ; 22 cm. 0ateknik mesin